El ABC en medicina paliativa / (Registro nro. 63066)

Detalles MARC
000 -LEADER
campo de control de longitud fija 01856cam a22003614i 4500
003 - IDENTIFICADOR DE NÚMERO DE CONTROL
campo de control PE-LiUPU
005 - FECHA Y HORA DE LA ÚLTIMA TRANSACCIÓN
campo de control 20250925090029.0
008 - DATOS DE LONGITUD FIJA--INFORMACIÓN GENERAL
campo de control de longitud fija 2021xxxxmx pe a rb 000 0 spa d
020 ## - NÚMERO INTERNACIONAL ESTÁNDAR DEL LIBRO
Número Internacional Estándar del Libro 9786078546312
035 ## - NÚMERO DE CONTROL DEL SISTEMA
Número de control de sistema PE-LiUPU000023
040 ## - FUENTE DE CATALOGACIÓN
Centro catalogador/agencia de origen PE-LiUPU
Lengua de catalogación spa
Centro/agencia transcriptor PE-LiUPU
Normas de descripción rda
082 04 - NÚMERO DE LA CLASIFICACIÓN DECIMAL DEWEY
Número de clasificación 616.029
Cutter A432b
Número de edición 23
100 ## - ENTRADA PRINCIPAL--NOMBRE DE PERSONA
Nombre de persona Allende Pérez, Silvia Rosa,
Término indicativo de función/relación autora.
9 (RLIN) 6940
245 14 - MENCIÓN DEL TÍTULO
Título El ABC en medicina paliativa /
Mención de responsabilidad, etc. por Silvia Rosa Allende Pérez y Emma Libertad Verástegui Avilés.
250 ## - MENCION DE EDICION
Mención de edición 2ª edición.
264 #1 - PRODUCCIÓN, PUBLICACIÓN, DISTRIBUCIÓN, FABRICACIÓN Y COPYRIGHT
Producción, publicación, distribución, fabricación y copyright Ciudad de México :
Nombre del de productor, editor, distribuidor, fabricante Editorial Médica Panamericana,
Fecha de producción, publicación, distribución, fabricación o copyright [2021].
300 ## - DESCRIPCIÓN FÍSICA
Extensión 412 páginas :
Otras características físicas ilustraciones ;
Dimensiones 28 cm.
336 ## - TIPO DE CONTENIDO
Término de tipo de contenido text
Fuente rdacontent
337 ## - TIPO DE MEDIO
Nombre/término del tipo de medio unmediated
Fuente rdamedia
338 ## - TIPO DE SOPORTE
Nombre/término del tipo de soporte volume
Fuente rdacarrier
500 ## - NOTA GENERAL
Nota general Incluye versión digital.
504 ## - NOTA DE BIBLIOGRAFÍA, ETC.
Nota de bibliografía, etc. Incluye bibliografía e índice analítico.
505 0# - NOTA DE CONTENIDO CON FORMATO
Nota de contenido con formato Marco conceptual y aspectos generales -- Aspectos de la práctica y situaciones específicas -- Aspectos particulares de los cuidados paliativos.
520 ## - RESUMEN, ETC.
Sumario, etc. Manual actualizado sobre cuidados paliativos con enfoque integral para médicos generales, de familia, geriatras, pediatras y profesionales de la salud. Ofrece contenidos clínicos, bioéticos y psicosociales, con énfasis en el manejo del dolor, cuidados al final de la vida, atención interdisciplinaria y decisiones médicas basadas en evidencia.
650 14 - PUNTO DE ACCESO ADICIONAL DE MATERIA--TÉRMINO DE MATERIA
Término de materia o nombre geográfico como elemento de entrada Medicina paliativa
Subdivisión general Manuales.
9 (RLIN) 6941
650 24 - PUNTO DE ACCESO ADICIONAL DE MATERIA--TÉRMINO DE MATERIA
Término de materia o nombre geográfico como elemento de entrada Cuidados paliativos
Subdivisión general Aspectos clínicos.
9 (RLIN) 6942
650 24 - PUNTO DE ACCESO ADICIONAL DE MATERIA--TÉRMINO DE MATERIA
Término de materia o nombre geográfico como elemento de entrada Manejo del dolor,
Subdivisión general Tratamiento.
9 (RLIN) 6943
700 ## - ENTRADA AGREGADA--NOMBRE PERSONAL
Nombre de persona Verástegui Avilés, Emma Libertad,
Término indicativo de función/relación autora.
9 (RLIN) 6944
710 ## - ENTRADA AGREGADA--NOMBRE DE ENTIDAD CORPORATIVA
Nombre de entidad corporativa o nombre de jurisdicción como elemento de entrada Editorial Médica Panamericana,
Término indicativo de función/relación editor.
9 (RLIN) 6616
856 40 - LOCALIZACIÓN Y ACCESO ELECTRÓNICOS
Identificador Uniforme de Recursos <a href="https://www.medicapanamericana.com">https://www.medicapanamericana.com</a>
Nota pública Sitio web del editor.
942 ## - ELEMENTOS DE ENTRADA SECUNDARIOS (KOHA)
Fuente del sistema de clasificación o colocación Clasificación Decimal Dewey
Tipo de ítem Koha Libros físicos
980 ## - EQUIVALENCIA O REFERENCIA-CRUZADA-MENCIÓN DE SERIE--NOMBRE DE PERSONA/TÍTULO [LOCAL, CANADÁ]
ID del usuario creador del registro 21515
Nombre del creador del registro ROMINA COBOS Adquisiciones
ID del último usuario que modificó el registro 18226
Nombre del último usuario que modificó el registro Jaime Vilcazán Jefe de Análisis Documental
Existencias
Visto por última vez Total de préstamos Signatura topográfica completa Código de barras Copia número Coste, precio de reemplazo Fecha de reemplazo Facultad Tipo de ítem Koha Estado de pérdida Fuente del sistema de clasificación o colocación Restricciones de uso No para préstamo Colección Programa académico Biblioteca de origen Biblioteca actual Ubicación en estantería Fecha de adquisición Fuente de adquisición Coste, precio normal de compra
2025-12-03   616.029 A432b 82756 e1 55.00 2025-09-24 FSALUD Libros físicos No Perdido Clasificación Decimal Dewey No restringido Disponible para préstamos Colección General Psicología Biblioteca CRAI UPeU Lima Biblioteca CRAI UPeU Lima Sala principal 2025-09-19 COMPRA 50.00